LIBRARY & INFORMATION CENTRE, KCAET, TAVANUR

ONLINE PUBLIC ACCESS CATALOGUE (OPAC)

Fabrication and performance evaluation of a solar air cooler (Record no. 15042)

MARC details
000 -LEADER
fixed length control field 00648nam a22001817a 4500
003 - CONTROL NUMBER IDENTIFIER
control field OSt
088 ## - REPORT NUMBER
Report number P 24
100 ## - MAIN ENTRY--AUTHOR NAME
Personal name LINDA N. E
-- SUNIL A. P
245 ## - TITLE STATEMENT
Title Fabrication and performance evaluation of a solar air cooler
260 ## - PUBLICATION, DISTRIBUTION, ETC. (IMPRINT)
Place of publication Tavanur 1993
Name of publisher Department of Farm Power Machinery and Energy
300 ## - PHYSICAL DESCRIPTION
Number of Pages 52
500 ## - GENERAL NOTE
General note Fabrication and performance evaluation of a solar air cooler
520 ## - SUMMARY, ETC.
Summary, etc Fabrication and performance evaluation of a solar air cooler
700 ## - ADDED ENTRY--PERSONAL NAME
Personal name Er. Hamza Mollakadavath (Guide)
856 ## - ELECTRONIC LOCATION AND ACCESS
Uniform Resource Identifier https://drive.google.com/open?id=10XjLbkKdfz9tW1wYzMUmOxv1veE5nDkl
942 ## - ADDED ENTRY ELEMENTS (KOHA)
Koha item type Project Report
Holdings
Collection code Home library Current library Shelving location Full call number Accession Number Koha item type
Reference KAUAET KAUAET Reference 631.3 LIN/FA P 24 Project Report
free website counter